| 000 | 00662nam a22001937a 4500 | ||
|---|---|---|---|
| 999 |
_c740 _d740 |
||
| 003 | OSt | ||
| 005 | 20210616135320.0 | ||
| 008 | 210616b ||||| |||| 00| 0 eng d | ||
| 040 |
_cALUPE UNIVERSITY _dALUPE UNIVERSITY |
||
| 050 |
_aHF 5718.3 _b .G82 2003. |
||
| 100 | _aGuffey, Mary Ellen | ||
| 245 |
_aBusiness communication : process and product _bBusiness communication : process and product |
||
| 250 |
_aBrief Canadian edition _bBrief Canadian edition |
||
| 260 |
_a Canada _bThomson Nelson _cc 2003 |
||
| 300 |
_a xi, _b397p. _c ill. . + _e: Coloured _g; 27 cm |
||
| 500 | _aindex | ||
| 600 | _2Business writing | Business communication | ||
| 942 |
_2lcc _cBK _nDO |
||